[Event "Skopje op"]
[Site "Skopje"]
[Date "2023.12.10"]
[Round "7"]
[White "Stanojoski, Zvonko"]
[Black "Sabirov, Rafael"]
[Result "1/2-1/2"]
[WhiteElo "2392"]
[BlackElo "2119"]
[PlyCount "69"]
[EventDate "2023.12.06"]
[EventType "swiss"]
[EventRounds "9"]
[EventCountry "MKD"]
[SourceTitle "CB50_2023"]
[SourceDate "2023.12.13"]
[SourceVersion "1"]
[SourceVersionDate "2023.12.13"]
[SourceQuality "1"]

1. e4 c5 2. Nf3 e6 3. g3 Nc6 4. Bg2 d5 5. exd5 exd5 6. d4 cxd4 7. 0-0 Bc5 8. Nbd2 d3 9. cxd3 Nge7 10. a3 a5 11. Re1 0-0 12. Nb3 Bd6 13. h3 h6 14. Be3 b6 15. Rc1 Ba6 16. Nbd4 Qd7 17. Nxc6 Nxc6 18. Qb3 Ne7 19. Qxb6 Bxd3 20. Bc5 Ra6 21. Qb3 Bc4 22. Qd1 Bxc5 23. Rxc4 Qa7 24. Rc2 Rf6 25. Ree2 Nf5 26. Qxd5 Nxg3 27. Re5 Bb6 28. Kh2 Rd8 29. Qb5 Bxf2 30. Qxa5 Qxa5 31. Rxa5 Ne4 32. Rc1 Nd2 33. Rc3 Ne4 34. Rc1 Nd2 35. Rc3 1/2-1/2

[Event "Skopje op"]
[Site "Skopje"]
[Date "2023.12.08"]
[Round "3"]
[White "Sabirov, Rafael"]
[Black "Skvortsov, Andrei"]
[Result "0-1"]
[WhiteElo "2119"]
[BlackElo "2309"]
[PlyCount "104"]
[EventDate "2023.12.06"]
[EventType "swiss"]
[EventRounds "9"]
[EventCountry "MKD"]
[SourceTitle "CB50_2023"]
[SourceDate "2023.12.13"]
[SourceVersion "1"]
[SourceVersionDate "2023.12.13"]
[SourceQuality "1"]

1. e4 c5 2. c3 Nf6 3. e5 Nd5 4. d4 cxd4 5. Nf3 Nc6 6. cxd4 d6 7. Bc4 Nb6 8. Bb5 a6 9. Bxc6+ bxc6 10. 0-0 Bf5 11. Nc3 e6 12. Bg5 Qc7 13. Rc1 h6 14. Bh4 d5 15. Na4 Nd7 16. a3 g5 17. Bg3 a5 18. Rc3 Be7 19. Nd2 Kf8 20. Qc1 Ra6 21. f4 g4 22. Nb3 Kg7 23. Nbc5 Ra7 24. Nxd7 Qxd7 25. Rd1 Rb8 26. Be1 Qb7 27. b3 Qa8 28. Nc5 Rb5 29. Rd2 Qb8 30. Qd1 h5 31. Bf2 Qh8 32. Rb2 Ra8 33. Kf1 Qh6 34. Be3 h4 35. Ke1 Qg6 36. Kd2 f6 37. exf6+ Bxf6 38. Nd7 Be7 39. Ne5 Qe8 40. Rxc6 Bxa3 41. Rc7+ Kg8 42. Rbc2 Rxb3 43. Ke2 Bd6 44. R7c3 Bxc2 45. Qxc2 Rxc3 46. Qxc3 Bxe5 47. fxe5 Qb5+ 48. Kd2 Qb4 49. h3 gxh3 50. gxh3 Rc8 51. Qxb4 axb4 52. Bf2 b3 0-1

[Event "Skopje op"]
[Site "Skopje"]
[Date "2023.12.06"]
[Round "1"]
[White "Mammadova, Narmin Fazahir Qizi"]
[Black "Sabirov, Rafael"]
[Result "1-0"]
[WhiteElo "2306"]
[BlackElo "2119"]
[PlyCount "75"]
[EventDate "2023.12.06"]
[EventType "swiss"]
[EventRounds "9"]
[EventCountry "MKD"]
[SourceTitle "CB50_2023"]
[SourceDate "2023.12.13"]
[SourceVersion "1"]
[SourceVersionDate "2023.12.13"]
[SourceQuality "1"]

1. e4 c5 2. c3 Nf6 3. e5 Nd5 4. Nf3 e6 5. d4 cxd4 6. cxd4 d6 7. a3 Bd7 8. Bd3 Bc6 9. 0-0 Be7 10. Qe2 Nd7 11. b4 a6 12. Bd2 b5 13. Rc1 Qb6 14. Nc3 Nxc3 15. Rxc3 h6 16. Rac1 Bd5 17. exd6 Bxd6 18. Be4 Qb7 19. Rc6 Bxe4 20. Qxe4 Nf6 21. Qe2 Rd8 22. Ne5 0-0 23. Ng4 Nxg4 24. Qxg4 Kh8 25. Qh5 Bb8 26. Bxh6 Rd5 27. Bg5+ Kg8 28. Qg4 f5 29. Qe2 e5 30. dxe5 Bxe5 31. Re6 Qb8 32. Qa2 Bxh2+ 33. Kh1 Rc8 34. Qxd5 Rxc1+ 35. Bxc1 Kh8 36. Rh6+ gxh6 37. Bb2+ Kh7 38. Qf7# 1-0

[Event "Krefeld op"]
[Site "Krefeld"]
[Date "2023.08.06"]
[Round "8"]
[White "Wachsmann, Elmar"]
[Black "Sabirov, Rafael"]
[Result "0-1"]
[WhiteElo "1883"]
[BlackElo "2119"]
[PlyCount "72"]
[EventDate "2023.08.02"]
[EventType "swiss"]
[EventRounds "9"]
[EventCountry "GER"]
[SourceTitle "CBM 215 Extra"]
[Source "ChessBase"]
[SourceDate "2023.09.30"]
[SourceVersion "1"]
[SourceVersionDate "2023.09.30"]
[SourceQuality "1"]

1. d4 d5 2. c4 e6 3. Nc3 Nf6 4. cxd5 exd5 5. Bg5 Nbd7 6. e3 c6 7. Bd3 Be7 8. h3 0-0 9. Qc2 Re8 10. Bf4 Nf8 11. Nf3 Ne6 12. Be5 g6 13. 0-0-0 Ng7 14. g4 b5 15. Kb1 a5 16. Rc1 Bb7 17. Rhg1 Nd7 18. Bg3 a4 19. h4 Qa5 20. Ne2 b4 21. Qd2 c5 22. dxc5 Nxc5 23. Ned4 Nb3 24. axb3 axb3 25. Nxb3 Qa2+ 26. Kc2 Rec8+ 27. Kd1 Qxb3+ 28. Ke2 Ne6 29. Nd4 Nxd4+ 30. exd4 Ra2 31. Rb1 Rc3 32. Ke3 Ba6 33. bxc3 Rxd2 34. Rxb3 Rxd3+ 35. Kf4 f6 36. g5 Bd6+ 0-1

[Event "Graz op-A"]
[Site "Graz"]
[Date "2022.09.04"]
[Round "2"]
[White "Sabirov, Rafael"]
[Black "Ragger, Anna Christina"]
[Result "0-1"]
[WhiteElo "1795"]
[BlackElo "2189"]
[PlyCount "58"]
[EventDate "2022.09.03"]
[EventType "swiss"]
[EventRounds "9"]
[EventCountry "AUT"]
[SourceTitle "EXT 2023"]
[Source "ChessBase"]
[SourceDate "2022.10.05"]
[SourceVersion "1"]
[SourceVersionDate "2022.10.05"]
[SourceQuality "1"]

1. e4 c6 2. d4 d5 3. e5 g6 4. h4 h5 5. Bd3 Nh6 6. Ne2 Bg4 7. c3 e6 8. Bg5 Be7 9. Qd2 Bxe2 10. Kxe2 Nf5 11. Bxf5 exf5 12. Qe3 0-0 13. f3 f6 14. Bf4 c5 15. g4 Nc6 16. gxf5 cxd4 17. Qg1 g5 18. hxg5 fxe5 19. Rxh5 exf4 20. Qh2 d3+ 21. Kd2 Kf7 22. Rh7+ Ke8 23. f6 Qb6 24. Kxd3 Bd6 25. Na3 Qe3+ 26. Kc2 Bxa3 27. bxa3 Rc8 28. Rd1 Nd4+ 29. Rxd4 Rxc3+ 0-1

[Event "GER-chT U16"]
[Site "Willingen"]
[Date "2021.06.27"]
[Round "7.9"]
[White "Sabirov, Rafael"]
[Black "Payes Kanders, Valentin"]
[Result "1-0"]
[WhiteElo "1635"]
[BlackElo "1498"]
[PlyCount "67"]
[EventDate "2021.06.23"]
[EventType "team-swiss"]
[EventRounds "7"]
[EventCountry "GER"]
[SourceTitle "CBM 203 Extra"]
[Source "ChessBase"]
[SourceDate "2021.09.30"]
[SourceVersion "1"]
[SourceVersionDate "2021.09.30"]
[SourceQuality "1"]
[WhiteTeam "Porz SG"]
[BlackTeam "Essen Katernberg"]
[WhiteTeamCountry "GER"]
[BlackTeamCountry "GER"]

1. e4 c5 2. Nc3 e6 3. f4 d5 4. Nf3 Be7 5. g3 Nc6 6. Bg2 dxe4 7. Nxe4 Nf6 8. Nf2 0-0 9. 0-0 Qc7 10. b3 Rd8 11. Bb2 Nd5 12. Qe2 b6 13. Ne5 Bb7 14. Qh5 Nxe5 15. Bxe5 Qd7 16. Be4 Nf6 17. Bxf6 Bxf6 18. Qxh7+ Kf8 19. Rad1 Ke7 20. Bxb7 Qxb7 21. Qe4 Qa6 22. a4 Rac8 23. d3 Bd4 24. Kg2 Rh8 25. f5 e5 26. Ng4 f6 27. Qd5 Rhe8 28. Nxf6 Kxf6 29. Qd6+ Kf7 30. Qd5+ Ke7 31. f6+ gxf6 32. Rxf6 Kxf6 33. Rf1+ Kg5 34. h4+ 1-0

[Event "GER-chT U16"]
[Site "Willingen"]
[Date "2021.06.25"]
[Round "3.9"]
[White "Sabirov, Rafael"]
[Black "Wang, Xinyuan1111"]
[Result "0-1"]
[WhiteElo "1635"]
[BlackElo "1759"]
[PlyCount "84"]
[EventDate "2021.06.23"]
[EventType "team-swiss"]
[EventRounds "7"]
[EventCountry "GER"]
[SourceTitle "CBM 203 Extra"]
[Source "ChessBase"]
[SourceDate "2021.09.30"]
[SourceVersion "1"]
[SourceVersionDate "2021.09.30"]
[SourceQuality "1"]
[WhiteTeam "Porz SG"]
[BlackTeam "Karlsruhe SF"]
[WhiteTeamCountry "GER"]
[BlackTeamCountry "GER"]

1. e4 c5 2. Nc3 e6 3. f4 d5 4. exd5 exd5 5. Bb5+ Bd7 6. Qe2+ Be7 7. Nxd5 Nc6 8. Nf3 a6 9. Bxc6 Bxc6 10. Nxe7 Nxe7 11. 0-0 0-0 12. d3 Nf5 13. Qf2 Bxf3 14. Qxf3 Re8 15. c3 Qd7 16. Rd1 Rad8 17. h3 Qe7 18. Bd2 Qe2 19. Qg4 g6 20. Rab1 Rxd3 21. Re1 Rxd2 22. Rxe2 Rexe2 23. Kh2 Ne3 24. Qc8+ Kg7 25. Rg1 Nxg2 26. Qxb7 Nh4+ 27. Kg3 Nf5+ 28. Kf3 Re3+ 29. Kg4 h5+ 30. Kg5 Re7 31. Qxa6 Rd6 32. Qxd6 Nxd6 33. f5 Nxf5 34. Kf4 Re2 35. Rb1 Re3 36. h4 Rh3 37. Ra1 Rxh4+ 38. Kf3 Ra4 39. b3 Ra3 40. Kf2 Kf6 41. b4 cxb4 42. cxb4 Nd6 0-1

[Event "GER-chT Christmas U16 Lasker"]
[Site "Playchess.com INT"]
[Date "2020.12.28"]
[Round "2.2"]
[White "Sabirov, Rafael"]
[Black "Ohler, Julius"]
[Result "1-0"]
[WhiteElo "1635"]
[BlackElo "2010"]
[PlyCount "59"]
[EventDate "2020.12.28"]
[EventType "team-swiss (blitz)"]
[EventRounds "7"]
[EventCountry "GER"]
[SourceTitle "CBM 200 Extra"]
[Source "ChessBase"]
[SourceDate "2021.03.31"]
[SourceVersion "1"]
[SourceVersionDate "2021.03.31"]
[SourceQuality "1"]
[WhiteTeam "Koeln Porz"]
[BlackTeam "Kastellaun"]
[WhiteTeamCountry "GER"]
[BlackTeamCountry "GER"]

1. e4 c6 2. d4 d5 3. Nc3 dxe4 4. Nxe4 Nf6 5. Nxf6+ exf6 6. c3 Bd6 7. Bd3 h5 8. Ne2 0-0 9. 0-0 Nd7 10. Nf4 g6 11. Nxh5 Re8 12. Nf4 f5 13. Qf3 Nf6 14. Bc4 g5 15. Nh5 g4 16. Nxf6+ Qxf6 17. Qd3 f4 18. f3 Bf5 19. Qd1 g3 20. h3 Kg7 21. Bd3 Bxh3 22. gxh3 Rh8 23. Kg2 Rxh3 24. Rh1 Rxh1 25. Qxh1 Rh8 26. Bd2 Rxh1 27. Rxh1 b6 28. c4 c5 29. Rh5 Qxd4 30. Bc3 1-0

[Event "DSOL 02 Liga Gr-A 1st"]
[Site "Playchess.com INT"]
[Date "2020.08.14"]
[Round "2.2"]
[White "Sabirov, Rafael"]
[Black "Bigalke, Andre"]
[Result "0-1"]
[WhiteElo "1843"]
[BlackElo "1964"]
[PlyCount "102"]
[EventDate "2020.06.22"]
[EventType "team-tourn (rapid)"]
[EventCountry "GER"]
[SourceTitle "EXT 2021"]
[Source "ChessBase"]
[SourceDate "2020.10.23"]
[SourceVersion "1"]
[SourceVersionDate "2020.10.23"]
[SourceQuality "1"]
[WhiteTeam "Porz SG II"]
[BlackTeam "Barmbek"]
[WhiteTeamCountry "GER"]
[BlackTeamCountry "GER"]

1. e4 e5 2. Nf3 f5 3. Nxe5 Qf6 4. d4 d6 5. Nc4 fxe4 6. Be3 Qf7 7. Nc3 Nf6 8. f3 exf3 9. Qxf3 Nc6 10. h3 Be6 11. Nd2 0-0-0 12. 0-0-0 h5 13. Bb5 Ne7 14. Rhf1 c6 15. Bd3 d5 16. Qg3 Neg8 17. Nf3 Bd6 18. Ne5 Qc7 19. Bf4 h4 20. Qe3 Re8 21. Bg6 Re7 22. Na4 b6 23. Rd3 Ne4 24. Bxe4 dxe4 25. Rc3 Bxe5 26. Bxe5 Qd7 27. Qxe4 Kb7 28. Rf8 Re8 29. Rxe8 Qxe8 30. Bxg7 Rh5 31. Re3 Rg5 32. Bh8 Rg6 33. b4 Qf7 34. b5 Bd5 35. Qd3 Rxg2 36. bxc6+ Bxc6 37. Qa3 Qc4 38. Nc3 Rg3 39. Rxg3 hxg3 40. Be5 g2 41. Bh2 Qxd4 42. Ne2 Qf6 43. Qg3 Ne7 44. Nf4 Nf5 45. Qg4 Qa1+ 46. Kd2 Qd4+ 47. Kc1 Ne3 48. Qe2 Nc4 49. Qe7+ Ka6 50. c3 Qxc3+ 51. Kd1 Qd2# 0-1

[Event "DSOL 02 Liga Gr-A 1st"]
[Site "Playchess.com INT"]
[Date "2020.08.07"]
[Round "7.3"]
[White "Oeztuerk, Yasin Safa"]
[Black "Sabirov, Rafael"]
[Result "0-1"]
[WhiteElo "1992"]
[BlackElo "1843"]
[PlyCount "76"]
[EventDate "2020.06.22"]
[EventType "team-tourn (rapid)"]
[EventCountry "GER"]
[SourceTitle "EXT 2021"]
[Source "ChessBase"]
[SourceDate "2020.10.23"]
[SourceVersion "1"]
[SourceVersionDate "2020.10.23"]
[SourceQuality "1"]
[WhiteTeam "Ketsch"]
[BlackTeam "Porz SG II"]
[WhiteTeamCountry "GER"]
[BlackTeamCountry "GER"]

1. d4 Nf6 2. c4 c5 3. d5 b5 4. cxb5 a6 5. e3 g6 6. Nc3 Bg7 7. Nf3 d6 8. e4 0-0 9. Bd3 Nbd7 10. 0-0 Ng4 11. Re1 e6 12. Bf4 Nge5 13. Nxe5 Nxe5 14. Bf1 axb5 15. Nxb5 Qb6 16. Be3 Ba6 17. a4 exd5 18. Qxd5 Rfd8 19. h3 Bb7 20. Qb3 d5 21. exd5 Bxd5 22. Qc2 Rac8 23. a5 Qb7 24. a6 Qa8 25. Bg5 f6 26. Rxe5 fxg5 27. Rxd5 Rxd5 28. Bc4 Kh8 29. Bxd5 Qxd5 30. a7 Qa8 31. Nd6 Rc7 32. Qb3 Rxa7 33. Rxa7 Qxa7 34. Nf7+ Kg8 35. Nh6+ Kf8 36. Qa3 Qxa3 37. bxa3 Bxh6 38. a4 Ke8 0-1

[Event "Mittelrhein Verbandsliga Sued 1920"]
[Site "Mittelrhein"]
[Date "2019.10.27"]
[Round "2.5"]
[White "Sabirov, Rafael"]
[Black "Hilpert, Rainer"]
[Result "1/2-1/2"]
[WhiteElo "1806"]
[BlackElo "1941"]
[PlyCount "80"]
[EventDate "2019.09.29"]
[EventType "team-tourn"]
[EventRounds "9"]
[EventCountry "GER"]
[SourceTitle "EXT 2023"]
[Source "ChessBase"]
[SourceDate "2022.10.05"]
[SourceVersion "1"]
[SourceVersionDate "2022.10.05"]
[SourceQuality "1"]
[WhiteTeam "Koeln Porz IV"]
[BlackTeam "Rheinbacher SF"]
[WhiteTeamCountry "GER"]
[BlackTeamCountry "GER"]

1. e4 c6 2. d4 d5 3. Nc3 dxe4 4. Nxe4 Nf6 5. Nxf6+ exf6 6. Nf3 Bd6 7. Bd3 0-0 8. 0-0 Be6 9. Be3 Nd7 10. Nd2 Re8 11. Ne4 Bc7 12. Qh5 Nf8 13. c3 Bd5 14. Ng3 g6 15. Qh6 b5 16. Bd2 Bc4 17. Bxc4 bxc4 18. f4 f5 19. Rfe1 Qd5 20. Qh4 Ne6 21. Nf1 Qb5 22. Rab1 Kg7 23. Qf2 Rad8 24. Be3 Bb6 25. Red1 Nc7 26. Nd2 Nd5 27. Re1 Qa6 28. a3 Re6 29. Nf3 Rde8 30. Bd2 Qb5 31. g3 h6 32. Nh4 Nf6 33. Nf3 Ne4 34. Qg2 Qd5 35. Red1 c5 36. Be1 Rd8 37. Bf2 Nxf2 38. Qxf2 cxd4 39. cxd4 Qe4 40. Re1 Bxd4 1/2-1/2

[Event "Mittelrhein Verbandsliga Sued 1920"]
[Site "Mittelrhein"]
[Date "2019.09.29"]
[Round "1.6"]
[White "Schiffer, Alphons"]
[Black "Sabirov, Rafael"]
[Result "0-1"]
[WhiteElo "1788"]
[BlackElo "1806"]
[PlyCount "82"]
[EventDate "2019.09.29"]
[EventType "team-tourn"]
[EventRounds "9"]
[EventCountry "GER"]
[SourceTitle "EXT 2023"]
[Source "ChessBase"]
[SourceDate "2022.10.05"]
[SourceVersion "1"]
[SourceVersionDate "2022.10.05"]
[SourceQuality "1"]
[WhiteTeam "Erftstadt SV"]
[BlackTeam "Koeln Porz IV"]
[WhiteTeamCountry "GER"]
[BlackTeamCountry "GER"]

1. g4 d6 2. Bg2 Nc6 3. g5 e5 4. d3 Be6 5. c4 Nge7 6. Nf3 Nf5 7. Nc3 Be7 8. h4 h6 9. a3 hxg5 10. hxg5 Rxh1+ 11. Bxh1 Qd7 12. Qa4 0-0-0 13. Bd2 Rh8 14. 0-0-0 Kb8 15. e3 Nh4 16. Nxh4 Rxh4 17. f4 exf4 18. exf4 Nd4 19. Qxd7 Bxd7 20. Be4 Bd8 21. Re1 Nb3+ 22. Kc2 Nxd2 23. Kxd2 Rxf4 24. Rh1 c6 25. Rh8 Kc7 26. b4 Bxg5 27. Kc2 f5 28. Bh1 Rh4 29. Rxh4 Bxh4 30. a4 g5 31. b5 g4 32. d4 f4 33. Kd2 g3 34. Ke2 Bg4+ 35. Kf1 f3 36. a5 Bh3+ 37. Bg2 Bxg2+ 38. Kg1 Bh3 39. Kh1 f2 40. b6+ axb6 41. axb6+ Kd7 0-1

[Event "GER-chT U14"]
[Site "Magdeburg"]
[Date "2018.12.30"]
[Round "7.2"]
[White "Sabirov, Rafael"]
[Black "Eberwein, Leander"]
[Result "1-0"]
[WhiteElo "1571"]
[BlackElo "1332"]
[PlyCount "61"]
[EventDate "2018.12.27"]
[EventType "team-swiss"]
[EventRounds "7"]
[EventCountry "GER"]
[SourceTitle "CBM 188 Extra"]
[Source "ChessBase"]
[SourceDate "2019.02.26"]
[SourceVersion "1"]
[SourceVersionDate "2019.02.26"]
[SourceQuality "1"]
[WhiteTeam "Porz SG"]
[BlackTeam "Brackel"]
[WhiteTeamCountry "GER"]
[BlackTeamCountry "GER"]

1. e4 e5 2. Nf3 Nc6 3. Bb5 Nge7 4. c3 g6 5. 0-0 Bg7 6. d4 0-0 7. Be3 a6 8. Ba4 d6 9. h3 b5 10. Bc2 Bb7 11. Nbd2 Rc8 12. Nb3 Re8 13. Re1 h6 14. Qd2 Kh7 15. Nh2 Qd7 16. Ng4 Ng8 17. Qe2 h5 18. Nh2 Bh6 19. a3 Rcd8 20. Rad1 Bxe3 21. Qxe3 Qe7 22. d5 Nb8 23. Na5 Bc8 24. Qa7 Bd7 25. Qxc7 Rc8 26. Qb6 Nf6 27. Nb7 Rf8 28. Nxd6 Rcd8 29. Nb7 Rc8 30. Na5 Rc5 31. d6 1-0

[Event "GER-chT U14"]
[Site "Magdeburg"]
[Date "2018.12.27"]
[Round "1.2"]
[White "Sabirov, Rafael"]
[Black "Afonso, Nils"]
[Result "1-0"]
[WhiteElo "1571"]
[BlackElo "2012"]
[PlyCount "77"]
[EventDate "2018.12.27"]
[EventType "team-swiss"]
[EventRounds "7"]
[EventCountry "GER"]
[SourceTitle "CBM 188 Extra"]
[Source "ChessBase"]
[SourceDate "2019.02.26"]
[SourceVersion "1"]
[SourceVersionDate "2019.02.26"]
[SourceQuality "1"]
[WhiteTeam "Porz SG"]
[BlackTeam "Kornwestheim"]
[WhiteTeamCountry "GER"]
[BlackTeamCountry "GER"]

1. e4 c5 2. Nf3 Nc6 3. d4 cxd4 4. Nxd4 g6 5. Be3 Bg7 6. Nc3 Nf6 7. Qd2 0-0 8. Bc4 Nxe4 9. Bxf7+ Rxf7 10. Nxe4 Qc7 11. Nb5 Qe5 12. Nbc3 Nb4 13. a3 Nc6 14. 0-0 b6 15. f4 Qc7 16. Rad1 Ba6 17. Rf2 Rd8 18. Nd5 Qb8 19. b3 d6 20. Nb4 Nxb4 21. Qxb4 d5 22. Ng5 Rf6 23. Bd4 Rxf4 24. Qxe7 Bxd4 25. Qxh7+ Kf8 26. Ne6+ Ke8 27. Rxd4 Rxf2 28. Kxf2 Qe5 29. Qg8+ Ke7 30. Qxd8+ Kxe6 31. Qe8+ Kf5 32. Qxe5+ Kxe5 33. Ra4 Bc8 34. Rxa7 Kd4 35. Rc7 Bf5 36. a4 Be4 37. b4 Ke5 38. Re7+ Kd6 39. Rxe4 1-0

[Event "GER-chT U12"]
[Site "Magdeburg"]
[Date "2016.12.30"]
[Round "7.4"]
[White "Rose, Noah"]
[Black "Sabirov, Rafael"]
[Result "1/2-1/2"]
[WhiteElo "1359"]
[BlackElo "1390"]
[PlyCount "49"]
[EventDate "2016.12.27"]
[EventType "team-swiss"]
[EventRounds "7"]
[EventCountry "GER"]
[SourceTitle "EXT 2018"]
[Source "ChessBase"]
[SourceDate "2017.10.13"]
[SourceVersion "1"]
[SourceVersionDate "2017.10.13"]
[SourceQuality "1"]
[WhiteTeam "Leipzig Gruen Weiss"]
[BlackTeam "Porz SG"]
[WhiteTeamCountry "GER"]
[BlackTeamCountry "GER"]

1. e4 c5 2. Nf3 e6 3. d4 cxd4 4. Nxd4 a6 5. Nc3 Nc6 6. Be3 Be7 7. Be2 Qc7 8. Nxc6 bxc6 9. 0-0 Nf6 10. Qd3 Bb7 11. Rad1 d6 12. Bc1 d5 13. exd5 cxd5 14. f4 Nd7 15. Be3 Rc8 16. f5 0-0 17. fxe6 fxe6 18. Rxf8+ Rxf8 19. Rf1 Rxf1+ 20. Bxf1 Nf6 21. Be2 Bd6 22. h3 Be5 23. Bd4 Bxd4+ 24. Qxd4 Qc6 25. Bf3 1/2-1/2

[Event "GER-chT U12"]
[Site "Magdeburg"]
[Date "2016.12.29"]
[Round "5.4"]
[White "Oez, Mert"]
[Black "Sabirov, Rafael"]
[Result "0-1"]
[WhiteElo "1216"]
[BlackElo "1390"]
[PlyCount "154"]
[EventDate "2016.12.27"]
[EventType "team-swiss"]
[EventRounds "7"]
[EventCountry "GER"]
[SourceTitle "EXT 2018"]
[Source "ChessBase"]
[SourceDate "2017.10.13"]
[SourceVersion "1"]
[SourceVersionDate "2017.10.13"]
[SourceQuality "1"]
[WhiteTeam "Bebenhausen"]
[BlackTeam "Porz SG"]
[WhiteTeamCountry "GER"]
[BlackTeamCountry "GER"]

1. e4 c5 2. Nf3 e6 3. c3 Nf6 4. e5 Nd5 5. d4 cxd4 6. cxd4 Nc6 7. Bc4 Nb6 8. Be2 Be7 9. 0-0 Qc7 10. Bf4 a6 11. a3 Nd5 12. Bd2 b5 13. b4 Bb7 14. Qc2 d6 15. exd6 Bxd6 16. h3 Rc8 17. Rc1 0-0 18. Ng5 Nf6 19. Nf3 h6 20. Nc3 Rfd8 21. Ra2 Be7 22. Ne4 Nxe4 23. Qxe4 Qd7 24. Bd3 Bf6 25. Qg4 Kf8 26. Be4 Nxd4 27. Nxd4 Bxd4 28. Bxb7 Qxb7 29. Rxc8 Qxc8 30. Be3 Bxe3 31. fxe3 Qc1+ 32. Kh2 Qxe3 33. Qh4 Qg5 34. Qf2 Qe5+ 35. g3 Rd3 36. Re2 Qc3 37. Rxe6 Rd2 38. Re2 Rxe2 39. Qxe2 Qxa3 40. Qd2 Kg8 41. Kg2 Qb3 42. Kf2 Qe6 43. Qd8+ Kh7 44. Qd3+ Qg6 45. Qd2 Qf5+ 46. Kg2 Qe4+ 47. Kh2 h5 48. h4 Qg4 49. Kg2 Qe4+ 50. Kh2 f5 51. Kh3 Qg4+ 52. Kh2 Qf3 53. Kh3 f4 54. Qxf4 Qxf4 55. gxf4 Kg6 56. Kg3 Kf5 57. Kf3 g6 58. Kg3 Ke4 59. f5 gxf5 60. Kh3 Kf3 61. Kh2 Kg4 62. Kg2 f4 63. Kf2 Kxh4 64. Kg2 Kg4 65. Kf2 f3 66. Kf1 Kg3 67. Kg1 f2+ 68. Kf1 h4 69. Ke2 Kg2 70. Kd3 f1Q+ 71. Kd2 Qc4 72. Ke3 Qxb4 73. Ke2 Qc3 74. Kd1 Qb2 75. Ke1 Kf3 76. Kd1 Ke3 77. Ke1 Qa1# 0-1

[Event "GER-chT U12"]
[Site "Magdeburg"]
[Date "2016.12.29"]
[Round "6.4"]
[White "Sabirov, Rafael"]
[Black "Guendel, Marius"]
[Result "1-0"]
[WhiteElo "1390"]
[BlackElo "1335"]
[PlyCount "110"]
[EventDate "2016.12.27"]
[EventType "team-swiss"]
[EventRounds "7"]
[EventCountry "GER"]
[SourceTitle "EXT 2018"]
[Source "ChessBase"]
[SourceDate "2017.10.13"]
[SourceVersion "1"]
[SourceVersionDate "2017.10.13"]
[SourceQuality "1"]
[WhiteTeam "Porz SG"]
[BlackTeam "Mannheim Lindenhof"]
[WhiteTeamCountry "GER"]
[BlackTeamCountry "GER"]

1. e4 c5 2. Nf3 d6 3. d4 cxd4 4. Nxd4 Nf6 5. Nc3 g6 6. Bc4 Bg7 7. Be3 Nc6 8. 0-0 Ng4 9. Nxc6 bxc6 10. Bd2 0-0 11. h3 Nf6 12. Re1 d5 13. exd5 cxd5 14. Bb3 Bb7 15. Bf4 e6 16. Qd2 Qd7 17. Rad1 Qc6 18. Ba4 Qc5 19. a3 a5 20. Bh6 Bc6 21. Bxc6 Qxc6 22. Bxg7 Kxg7 23. Qd4 Rfe8 24. Rd2 Rab8 25. b3 Rbc8 26. Nd1 Qc5 27. Qxc5 Rxc5 28. f3 e5 29. Rde2 Nd7 30. Ne3 f5 31. g3 Kf6 32. Rd1 Ke6 33. Red2 Nb6 34. c4 d4 35. Nc2 a4 36. Re2 Kf6 37. Nxd4 Rd8 38. Red2 exd4 39. Rxd4 Rxd4 40. Rxd4 Ke6 41. Rd3 axb3 42. Rxb3 Nxc4 43. Rc3 Kd5 44. Rd3+ Kc6 45. Rc3 Ne5 46. Rxc5+ Kxc5 47. Kf2 Nc4 48. a4 Kb4 49. f4 Nd6 50. g4 Ne4+ 51. Kf3 Kxa4 52. gxf5 gxf5 53. Ke3 Kb5 54. Kd4 Kb4 55. Ke5 Ng3 1-0